Which country is last? - Statistics

General Stats
  • This quiz has been taken 185 times
  • The average score is 5 of 15
Answer Stats
Question Answer % Correct
In the world by area and population Vatican City
100%
In South America by population Suriname
80%
In Africa by area Seychelles
60%
By international tourist amount Tuvalu
60%
By suicide rate Barbados
40%
By average altitude Maldives
40%
By development aid country donors amount* Malta
40%
By nominal GDP amount Tuvalu
40%
By national capitals by population Palau
20%
By fertility rate Singapore
20%
By murder rate* Singapore
20%
By oil production daily* Slovenia
0%
By nominal GDP amount per capita South Sudan
0%
By amount of immigrant population Tuvalu
0%
By body mass index Vietnam
0%
No matching quizzes found
Score Distribution
Percent of People with Each Score
Percentile by Number Answered
Your Score History
You have not taken this quiz